000 01024nam a22003137a 4500
001 BR8100770
003 BR-BrBNA
005 20230928090918.0
007 ta
008 230509b bl.||||| |||| 00| 0 por d
040 _aBR-BrBNA
_bpor
_cBiblioteca Nacional de Agricultura
041 _a(Por)
072 _aE15; E70
_b5300
_b/G514
090 _ 5300 BR8100770
100 1 _aProtas, J.F.
110 1 _aCentro Nacional de Pesquisa de Suinos e Aves, Concordia, SC (Brasil)
245 1 _aCusto medio de producao de suinos para abate [Sus domesticus; Santa Catarina; Brasil]
_bAnexo no. 1 - 3. trimestre
246 1 _a[Mean production cost for finishing swine [Sus domesticus; Santa Catarina; Brazil]]
_b[Appendix 1 - 3. quarter]
260 3 _aConcordia, SC (Brasil):
_c1980.
300 _a6 p.
650 _aMicroeconomia
650 _aComercializacao
650 _aSuino
650 _aCusto de producao
650 _aAbate
650 _aSanta Catarina
909 _a202309
_bLucia
_c55
_dLucia Elande
942 _cBK
999 _c31231
_d31231